[Event "Online Olym Top DivD 2020"]
[Site "chess.com INT"]
[Date "2020.08.23"]
[Round "9.3"]
[Board "3"]
[White "Burtasova, Anna"]
[Black "Zatonskih, Anna"]
[Result "0-1"]
[WhiteTitle "WGM"]
[BlackTitle "IM"]
[WhiteElo "2261"]
[BlackElo "2420"]
[WhiteTeam "Canada"]
[BlackTeam "United States of America"]
[WhiteFideId "4150740"]
[BlackFideId "14101572"]
[EventDate "2020.08.21"]
[EventType "team"]

1. e4 e6 2. d4 d5 3. e5 c5 4. c3 Nc6 5. Nf3 Bd7 6. a3 c4 7. Nbd2 Na5 8. Rb1 Bc6
9. b4 cxb3 10. Nxb3 Ne7 11. Bd3 Nxb3 12. Qxb3 Nc8 13. O-O Nb6 14. Qc2 h6 15. Qe2
Be7 16. Nd2 Qd7 17. f4 g6 18. Nb3 Nc4 19. Nc5 Bxc5 20. dxc5 Qc7 21. Rf2 O-O-O
22. Be3 Nxe3 23. Qxe3 Qa5 24. Qd4 Rd7 25. Qb4 Qa4 26. Rfb2 Rc7 27. Qd4 Rd8 28.
Rb3 Qa5 29. h3 Rdd7 30. Kh2 Qa4 31. Bb5 Bxb5 32. Rxb5 Qa6 33. Qb4 Kb8 34. a4 Qc6
35. a5 a6 36. Rb6 Qxc5 37. Qxc5 Rxc5 38. Rxa6 Rxc3 39. Rab6 Rcc7 40. a6 Ka7 41.
axb7 Rxb7 42. Rxb7+ Rxb7 43. Rc1 Kb6 44. Rc8 h5 45. g4 hxg4 46. hxg4 Rc7 47. Rf8
Kc5 48. Kg3 Kd4 49. Kh4 Ke3 50. Kg5 d4 51. Rd8 d3 52. f5 gxf5 53. gxf5 exf5 54.
Kxf5 d2 55. Kf6 Ke2 0-1

[Event "Online Olym Top DivD 2020"]
[Site "chess.com INT"]
[Date "2020.08.23"]
[Round "9.3"]
[Board "5"]
[White "Hua, Eugene"]
[Black "Xiong, Jeffery"]
[Result "1/2-1/2"]
[WhiteTitle "FM"]
[BlackTitle "GM"]
[WhiteElo "2336"]
[BlackElo "2709"]
[WhiteTeam "Canada"]
[BlackTeam "United States of America"]
[WhiteFideId "2618150"]
[BlackFideId "2047640"]
[EventDate "2020.08.21"]
[EventType "team"]

1. c4 e5 2. g3 Nf6 3. Bg2 d5 4. cxd5 Nxd5 5. Nc3 Nxc3 6. bxc3 Nc6 7. d3 Bc5 8.
Nf3 O-O 9. O-O Rb8 10. a4 Bf5 11. Ba3 Bxa3 12. Rxa3 Qe7 13. Rb3 b6 14. Nd2 Na5
15. Rb1 Bd7 16. Qc2 c5 17. Rfd1 Rbc8 18. Nc4 Nxc4 19. dxc4 Bc6 20. Bd5 e4 21.
Ra1 h5 22. Bxc6 Rxc6 23. Rd5 h4 24. Rad1 Rh6 25. Qd2 Re8 26. Rd8 hxg3 27. hxg3
Kh7 28. Rxe8 Qxe8 29. Qd7 Qe6 30. Qxe6 Rxe6 31. e3 Kg6 32. Rd7 a5 33. Kg2 f5 34.
Kh3 Rf6 35. Kg2 Re6 36. Kh3 Rf6 37. Kg2 Re6 1/2-1/2

[Event "Online Olym Top DivD 2020"]
[Site "chess.com INT"]
[Date "2020.08.23"]
[Round "9.4"]
[Board "1"]
[White "Mastrovasilis, Dimitrios"]
[Black "Supi, Luis Paulo"]
[Result "1/2-1/2"]
[WhiteTitle "GM"]
[BlackTitle "GM"]
[WhiteElo "2604"]
[BlackElo "2572"]
[WhiteTeam "Greece"]
[BlackTeam "Brazil"]
[WhiteFideId "4202694"]
[BlackFideId "2106388"]
[EventDate "2020.08.21"]
[EventType "team"]

1. e4 c5 2. Nf3 d6 3. d4 cxd4 4. Nxd4 Nf6 5. f3 a6 6. c4 e6 7. Nc3 Be7 8. Be3
O-O 9. Be2 b6 10. O-O Bb7 11. Qd2 Nbd7 12. a4 Rb8 13. Rfd1 Re8 14. Bf1 Ba8 15.
Kh1 h5 16. Bf2 Ne5 17. Rac1 Rc8 18. b3 Nfd7 19. h3 Nf6 20. Nde2 Qc7 21. Nf4 Rcd8
22. Nd3 Ned7 23. Qe1 Bb7 24. Bg3 Ne5 25. Nf4 Rc8 26. Bh4 g6 27. Bg3 Nfd7 28.
Nce2 Nc5 29. Nd4 Bg5 30. Rb1 h4 31. Bh2 Ba8 32. b4 Nxa4 33. Nfxe6 fxe6 34. f4
Bf6 35. fxe5 dxe5 36. Nf3 a5 37. Nxh4 axb4 38. Rxb4 Nc5 39. Qg3 Nxe4 40. Qxg6+
Qg7 41. Rd7 Qxg6 42. Nxg6 Rcd8 43. Rxd8 Rxd8 44. Rb1 Rd2 45. Bxe5 Bxe5 46. Nxe5
Ng3+ 47. Kg1 Be4 48. Rb3 Nxf1 49. Kxf1 Bxg2+ 50. Ke1 Ra2 51. Rg3+ Kf8 52. Nd7+
Ke7 53. Nxb6 Bc6 54. Rd3 Kf6 55. Nd7+ Bxd7 56. Rxd7 Rc2 57. Rc7 Rc3 58. h4 Rh3
59. Rh7 Rc3 60. Rc7 Rh3 61. Rh7 Rc3 1/2-1/2

[Event "Online Olym Top DivD 2020"]
[Site "chess.com INT"]
[Date "2020.08.23"]
[Round "9.4"]
[Board "2"]
[White "Fier, Alexandr"]
[Black "Pavlidis, Antonios"]
[Result "0-1"]
[WhiteTitle "GM"]
[BlackTitle "GM"]
[WhiteElo "2560"]
[BlackElo "2543"]
[WhiteTeam "Brazil"]
[BlackTeam "Greece"]
[WhiteFideId "2107139"]
[BlackFideId "4212312"]
[EventDate "2020.08.21"]
[EventType "team"]

1. d4 d5 2. c4 dxc4 3. Nf3 Nf6 4. Nc3 a6 5. e4 b5 6. e5 Nd5 7. a4 b4 8. Ne4 c3
9. bxc3 bxc3 10. Ba3 Bf5 11. Ng3 e6 12. Bxf8 Kxf8 13. Nxf5 exf5 14. Bc4 Nb6 15.
Qb3 Nc6 16. Qxc3 Ne7 17. O-O g6 18. e6 f6 19. d5 Kg7 20. Rfd1 Qd6 21. a5 Nbxd5
22. Bxd5 Nxd5 23. Rxd5 Qxd5 24. Qxc7+ Kh6 25. Re1 Rhe8 26. Qf7 Rf8 27. Qc7 Rac8
28. Qb6 Rfe8 29. h4 f4 30. Qxa6 Rc6 31. Qa7 Rcxe6 32. Ra1 g5 33. Kh2 g4 34. Qf7
gxf3 35. a6 Qh5 0-1

[Event "Online Olym Top DivD 2020"]
[Site "chess.com INT"]
[Date "2020.08.23"]
[Round "9.4"]
[Board "4"]
[White "Alboredo, Julia"]
[Black "Pavlidou, Ekaterini"]
[Result "0-1"]
[WhiteTitle "WFM"]
[BlackTitle "WIM"]
[WhiteElo "2182"]
[BlackElo "2170"]
[WhiteTeam "Brazil"]
[BlackTeam "Greece"]
[WhiteFideId "2124807"]
[BlackFideId "4213262"]
[EventDate "2020.08.21"]
[EventType "team"]

1. e4 c5 2. Nf3 Nc6 3. d4 cxd4 4. Nxd4 e5 5. Nb5 d6 6. N1c3 a6 7. Na3 Be6 8. Nc4
b5 9. Ne3 g6 10. a3 Bg7 11. Ned5 Nge7 12. Bg5 h6 13. Bf6 O-O 14. Be2 Bxf6 15.
Nxf6+ Kg7 16. Nfd5 f5 17. exf5 Nxf5 18. O-O Ncd4 19. Bd3 Rc8 20. Be4 Qg5 21. f4
exf4 22. Nxf4 Bc4 23. Bxf5 Nxf5 24. Ncd5 Rce8 25. Re1 Bxd5 26. Nxd5 Nh4 27. Qd4+
Kh7 28. Qa7+ Kg8 29. g3 Nf3+ 30. Kg2 Nxe1+ 31. Rxe1 Qxd5+ 0-1

[Event "Online Olym Top DivD 2020"]
[Site "chess.com INT"]
[Date "2020.08.23"]
[Round "9.4"]
[Board "5"]
[White "Theodorou, Nikolas"]
[Black "Labussiere, Victor"]
[Result "1/2-1/2"]
[WhiteTitle "IM"]
[BlackTitle "FM"]
[WhiteElo "2554"]
[BlackElo "2332"]
[WhiteTeam "Greece"]
[BlackTeam "Brazil"]
[WhiteFideId "4262875"]
[BlackFideId "2183129"]
[EventDate "2020.08.21"]
[EventType "team"]

1. d4 Nf6 2. c4 g6 3. g3 c6 4. Bg2 d5 5. Nf3 Bg7 6. O-O O-O 7. Qb3 Qb6 8. Nc3
Rd8 9. Bd2 Bf5 10. Rfc1 dxc4 11. Qxc4 Ne4 12. e3 Nxd2 13. Nxd2 Nd7 14. Qb3 Qxb3
15. Nxb3 a5 16. Na4 Bd3 17. Nac5 Nxc5 18. Nxc5 Ba6 19. f4 e6 20. Bf1 Bxf1 21.
Kxf1 Ra7 22. Ke2 Bf8 23. Nd3 Rd5 24. g4 Ra8 25. Rc4 Rad8 26. g5 h5 27. Rac1 Ra8
28. R1c2 Be7 29. Nf2 Kf8 30. Ne4 a4 31. Nf2 Ke8 32. Nd3 Ra7 33. h3 Bf8 34. h4
Be7 35. e4 Rd8 36. f5 exf5 37. exf5 Bd6 38. Kf3 Ra5 39. Re2+ Kf8 40. fxg6 fxg6
41. Nc5 Bxc5 42. dxc5 Rd7 43. Re6 Kf7 44. Rf6+ Kg7 45. Rd6 Rxd6 46. cxd6 Rd5 47.
Rxa4 Rxd6 48. Ra7 Rd7 49. a4 Kf7 50. a5 Ke6 51. Ke4 Kd6 52. b4 Re7+ 53. Kd4 Rf7
54. a6 Rf4+ 55. Kc3 bxa6 56. Rxa6 Rxh4 57. b5 Kc5 58. bxc6 Kd6 59. c7+ Kxc7 60.
Rxg6 Kd7 61. Kd3 Ke7 62. Rh6 Kf7 63. Ke3 Kg7 64. Kf3 Rh1 65. Kg2 Rh4 66. Kf3 Rh1
67. Kg2 Rh4 68. Kf3 1/2-1/2

[Event "Online Olym Top DivD 2020"]
[Site "chess.com INT"]
[Date "2020.08.23"]
[Round "9.5"]
[Board "1"]
[White "Vazquez, Guillermo"]
[Black "Valsecchi, Alessio"]
[Result "0-1"]
[WhiteTitle "IM"]
[BlackTitle "GM"]
[WhiteElo "2527"]
[BlackElo "2491"]
[WhiteTeam "Paraguay"]
[BlackTeam "Italy"]
[WhiteFideId "3702308"]
[BlackFideId "818860"]
[EventDate "2020.08.21"]
[EventType "team"]

1. e4 c5 2. Nf3 e6 3. g3 Nc6 4. Bg2 g6 5. d4 cxd4 6. Nxd4 Qb6 7. Nb3 Bg7 8. O-O
Nge7 9. c4 O-O 10. Nc3 Qd8 11. Be3 b6 12. Qe2 Ba6 13. Nb5 d5 14. exd5 exd5 15.
Rfd1 Rc8 16. Bh3 Ne5 17. cxd5 Rc4 18. a4 Rb4 19. Bd4 Qxd5 20. Bg2 Qe6 21. Re1
N7c6 22. Bxe5 Nxe5 23. N3d4 Qd7 24. Rad1 Rxa4 25. Nc6 Qe8 26. f4 Qxc6 27. Bxc6
Nxc6 28. Rd5 Rb4 29. Qc2 Bxb5 30. Re4 Rxb2 31. Qc1 Na5 32. Re7 Bc6 33. Rxa5 Bd4+
34. Kf1 Bg2+ 35. Ke1 Bf2+ 0-1

[Event "Online Olym Top DivD 2020"]
[Site "chess.com INT"]
[Date "2020.08.23"]
[Round "9.5"]
[Board "5"]
[White "Heinechen, Juan"]
[Black "Sonis, Francesco"]
[Result "0-1"]
[BlackTitle "IM"]
[WhiteElo "2146"]
[BlackElo "2490"]
[WhiteTeam "Paraguay"]
[BlackTeam "Italy"]
[WhiteFideId "3701018"]
[BlackFideId "895733"]
[EventDate "2020.08.21"]
[EventType "team"]

1. e4 e5 2. Nf3 Nc6 3. Bc4 Bc5 4. c3 Nf6 5. d3 a6 6. a4 Ba7 7. O-O h6 8. d4 d6
9. dxe5 Nxe5 10. Nxe5 dxe5 11. Qxd8+ Kxd8 12. Bxf7 Nxe4 13. Be3 Ke7 14. Bg6 Nd6
15. Bxa7 Rxa7 16. Nd2 Kf6 17. Bc2 Bf5 18. Bxf5 Kxf5 19. f3 Rd8 20. Rfe1 Raa8 21.
Re2 Rd7 22. Rae1 Re8 23. Kf2 Rde7 24. Ne4 Nxe4+ 25. Rxe4 g5 26. h4 Rd8 27. R1e2
Rd1 28. hxg5 hxg5 29. Kg3 Rd5 30. Kf2 a5 31. Kg3 Rg7 32. b4 axb4 33. cxb4 c6 34.
Rb2 g4 35. Rxg4 Rxg4+ 36. fxg4+ Kg5 37. Rb3 Rd4 38. a5 Rxg4+ 39. Kf2 Rf4+ 40.
Kg3 Rg4+ 41. Kf2 Kf4 42. Rf3+ Ke4 43. g3 Kd5 44. Rb3 Kc4 45. Rb1 e4 46. Ke3
Rxg3+ 47. Kxe4 Rb3 48. Rxb3 Kxb3 49. a6 bxa6 50. Kd4 Kxb4 0-1